000 00214nam a2200097Ia 4500
005 20251222114409.0
008 251222s1900||||xx |||||||||||||| ||spa||
082 _aDVD0050/S31/2012
245 0 _aPrometeo:
942 _cDVD
999 _c1952
_d1952